Codes postaux par centaines : villes de la région Haute-Normandie - Statistiques

Statistiques générales
  • Ce quiz a été pris 38 fois
  • Le résultat moyen est 11 sur 17
Statistiques - réponses
Département Code postal Ville % Correct
Seine-Maritime 76000 Rouen
100%
Eure 27000 Évreux
94%
Seine-Maritime 76600 Le Havre
94%
Seine-Maritime 76200 Dieppe
91%
Eure 27300 Bernay
78%
Seine-Maritime 76400 Fécamp
75%
Seine-Maritime 76500 Elbeuf
72%
Eure 27700 Les Andelys
69%
Eure 27200 Vernon
69%
Seine-Maritime 76300 Sotteville-lès-Rouen
59%
Eure 27100 Val-de-Reuil
59%
Eure 27500 Pont-Audemer
53%
Eure 27400 Louviers
50%
Seine-Maritime 76800 Saint-Étienne-du-Rouvray
44%
Eure 27600 Gaillon
38%
Eure 27800 Brionne
25%
Seine-Maritime 76700 Gonfreville-l'Orcher / Harfleur
25%
Aucun quiz correspondant
Distribution des résultats
% des personnes avec chaque résultat
Percentile par nombre de réponses
Votre historique - résultats
Vous n’avez pas pris ce quiz